• 首页
  • 本馆介绍
  • 公告通知
  • 最新文献
  • 馆藏检索
  • 电子资源
  • 读者荐购
  • 参考咨询
  • CALIS
  • 我的图书馆
  • 登录
  • 详细信息显示
  • 放入我的书架
  • 预约/预借图书
  • 作者相关作品
  • 分类相关作品
  • 丛书相关作品
  • 出版社相关作品

书目信息

  • 表格格式
  • 工作单格式
  • 卡片格式
题名:
百年美文
    
 
作者: 季羡林 主编
分册: 下   地域卷
出版信息: 天津   百花文艺出版社  2008.04
页数: 317-560页
开本: 23cm
丛书名:
单 册:
中图分类: I266
科图分类:
主题词: 散文--san wen--中国--现代--作品集
电子资源:
ISBN: 978-7-5306-4813-1
 
 
 
 
 
000 00810nam0 2200229 450
001 012009892313
005 20090503083424.59
010    @a978-7-5306-4813-1@dCNY33.50
100    @a20090430d2008 em y0chiy0120 ea
101 0  @achi
102    @aCN@b120000
105    @ay z 000yy
106    @ar
200 1  @a百年美文@Abai nian mei wen@e1900-2000@i地域卷@h下@f季羡林主编@Fji xian lin zhu bian
210    @a天津@c百花文艺出版社@d2008.04
215    @a317-560页@d23cm
330    @a上一世纪的百年中,中国文坛上散文的创作成就远远超出其他的文体之上,本书主要介绍了北平的春天;北京颂;故都的秋;青纱帐;难认识的北平;想北平;北京的春节等。
606 0  @a散文@Asan wen@y中国@z现代@j作品集
690    @aI266@v4
701  0 @a季羡林@Aji xian lin@4主编
801  0 @aCN@bQSSK@c20090503
905    @b738498-99@dI266@eJ182:2@f2
    
    百年美文:1900-2000.地域卷.下/季羡林主编.-天津:百花文艺出版社,2008.04
    317-560页;23cm
    
    
    ISBN 978-7-5306-4813-1:CNY33.50
    上一世纪的百年中,中国文坛上散文的创作成就远远超出其他的文体之上,本书主要介绍了北平的春天;北京颂;故都的秋;青纱帐;难认识的北平;想北平;北京的春节等。
●
相关链接 在E读中查询图书 在当当中查询图书 在豆瓣中查询图书


正题名:百年美文     索取号:I266/J182:2         预约/预借

序号 登录号 条形码 馆藏地/架位号 状态 备注
1 738498   207384980   社科二线400B/400B社科库 13排3列2层/ [索取号:I266/J182:2] 在馆    
2 738499   207384999   文学库116/ [索取号:I266/J182:2] 在馆    
河南城建学院图书馆 欢迎您!
大连网信软件有限公司© 版权所有